00655nam a22001697a 450000500170000001000150001702000370003203500140006903700130008308200080009610000200010424500890012426000680021327001560028130000300043770000180046720210111111203.0 aENG-128736 a978-93-534-3510-3c499.00 (v.II) aEN-112268 bDBAD/PUB a510 aKhattar, Dinesh aComplete Companion for JEE Main 2020 Mathematics: /cDinesh Khattar, and Rohan Sinha aUttar PradeshbPearson India Education Services Pvt. Ltd.c2020 bUttar Pradeshe201301a15th Floor, Tower-B, World Trade Tower, Plot No.- 1, Block-C, Sector-16, Noidamcompanysecretary.india@pearson.comk044-66540100 avarious pages.c25cm(pbk) aSinha, Rohan